| 000 | 00578nam a2200205 a 4500 | ||
|---|---|---|---|
| 001 | BRCA_3566 | ||
| 005 | 20190320204333.0 | ||
| 008 | 040809s1962----nyu#---###---#000-0#eng-# | ||
| 041 | _aeng | ||
| 044 | _anyu | ||
| 050 | 4 |
_aPZ3 _b.CH75 1962 |
|
| 100 | 1 |
_aChristie, Agatha _99260 |
|
| 245 | 1 | 0 |
_aMake mine murder! _bIncluding Appointment with death ; Peril at end house ; Sad cypress _cAgatha Christie. |
| 260 |
_aNueva York _bDodd, Mead and Co. _c1962 |
||
| 300 |
_a473 p. _c22 cm. |
||
| 500 | _aB234 | ||
| 650 | 1 | 4 |
_aNovelas policĂacas _9877 |
| 902 | _aGFM | ||
| 942 |
_2lcc _cB |
||
| 999 |
_c3301 _d3301 |
||